000 00495nam a22001457a 4500
008 170424b xxu||||| |||| 00| 0 eng d
020 _a9715502857
082 _21998
_aDFil 899.2113
_bL62
245 _a50 kuwentong ginto ng 50 batikang kuwentista. Volume 2/
_cEdited by Pedrito Reyes.
260 _aQuezon City:
_bADMU Press,
_c c1998.
300 _av, 474 pages;
_c18 cm.
650 0 _920141
_aPhilippine short stories (Filipino).
700 _920191
_aReyes, Pedrito
_eEditor
942 _2ddc
_cDFIL
999 _c6650
_d6650